|
|
|
|
| LEADER |
00000naa2a2200000 4500 |
| 001 |
184649 |
| 005 |
20240914063138.0 |
| 035 |
|
|
|a (RuTPU)RU\TPU\book\200254
|
| 035 |
|
|
|a RU\TPU\book\111919
|
| 090 |
|
|
|a 184649
|
| 100 |
|
|
|a 20100916d2008 k y0rusy50 ca
|
| 101 |
0 |
|
|a rus
|
| 102 |
|
|
|a RU
|
| 200 |
1 |
|
|a Университет инновационного типа: концепция, критерии, проблемы
|f Ю. П. Похолков, В. А. Власов
|
| 463 |
|
0 |
|0 (RuTPU)RU\TPU\book\166757
|t Образование без границ - Global education
|o Международный конгресс-выставка, Москва, 2008
|f Компания "Открытый диалог"
|v С. 77-79
|d 2008
|p 293 с.
|
| 610 |
1 |
|
|a вузы
|
| 610 |
1 |
|
|a подготовка кадров
|
| 610 |
1 |
|
|a труды учёных ТПУ
|
| 700 |
|
1 |
|a Похолков
|b Ю. П.
|c специалист в области электротехники, доктор технических наук
|c ректор Томского политехнического университета (1990-2008), профессор
|f 1939-
|g Юрий Петрович
|x TPU
|y Томск
|3 (RuTPU)RU\TPU\pers\10508
|4 070
|9 2235
|
| 701 |
|
1 |
|a Власов
|b В. А.
|c российский ученый в области физики и химии плазмы, молекулярной физики
|c профессор Томского политехнического университета
|c ректор Томского государственного архитектурно-строительного университета
|f 1958-
|g Виктор Алексеевич
|3 (RuTPU)RU\TPU\pers\26576
|4 070
|9 12265
|
| 801 |
|
1 |
|a RU
|b 63413507
|c 20061023
|g PSBO
|
| 801 |
|
2 |
|a RU
|b 63413507
|c 20100916
|g RCR
|
| 942 |
|
|
|c BK
|